000 00270nam a2200109Ia 4500
008 220216s9999 xx 000 0 und d
100 _aKrishnakumar R.
245 0 _aRubber tree: The future pharmaceutical factory
260 _bRubber
_c1995
300 _a13
942 _cML
999 _c72637
_d72637